00505nam a22001577a 450000500170000001000150001702000230003203500140005503700090006908200130007810000150009124500960010626000500020227000720025230000230032420250908110319.0 aENG-146822 a9788119524822c299 aEN-130354 bDBAD a658.3152 aArney ,O.Y aThe Employees Gate /cO.Y ArneybA Practical Guide To Getting Rich While Working For Others aKolkatabExceller Books A Global Pressc2024 aG1 Dream Apartment, Degree College Road, BelghariabKolkatae700056 a106 p.c21 cm(PBK)